00329nam a22001097a 4500020001800000040000900018082001900027100002100046245005900067260003400126650005900160 a9780072423709 cNust a621.31042bCAT aJimmie J. Cathey aElectric Machines Analysis and design applying MATLAB  aBoston:bMcGraw -Hill,c2001. aElectric Machines Analysis and design applying MATLAB